Fünf größte Städte nach Ländern #2 - Statistiken

Allgemein
  • Dieses Quiz wurde 765 mal gespielt
  • Das Durchschnittsergebnis liegt bei 33 aus 50
Antwortstatistiken
Hint Antwort % Korrekt
Frankreich Paris
100%
Niederlande Amsterdam
97%
Vereinigte Staaten New York
97%
Polen Warschau
97%
Österreich Wien
97%
Frankreich Marseille
94%
Frankreich Lyon
93%
Vereinigte Staaten Los Angeles
92%
Südafrika Johannesburg / Pretoria
91%
Südafrika Kapstadt
90%
Niederlande Rotterdam
90%
Kolumbien Bogota
87%
Österreich Salzburg
87%
Kanada Toronto
87%
Vereinigte Staaten Chicago
85%
Indien Mumbai
83%
Indien Delhi
81%
Österreich Graz
80%
Polen Krakau
80%
Marokko Rabat / Sale
79%
Kanada Vancouver
79%
Niederlande Den Haag
77%
Österreich Linz
75%
Marokko Casablanca
74%
Vereinigte Staaten Washington D.C
71%
Österreich Innsbruck
70%
Kanada Montreal
70%
Vereinigte Staaten San Francisco
70%
Indien Kolkata
66%
Frankreich Nizza
66%
Frankreich Toulouse
64%
Polen Breslau
49%
Südafrika Durban
49%
Polen Łodz
49%
Kolumbien Medellin
49%
Niederlande Utrecht
49%
Niederlande Eindhoven
48%
Marokko Marrakesch
46%
Kanada Edmonton
44%
Kanada Calgary
43%
Indien Bengaluru
42%
Polen Posen
39%
Südafrika Bloemfontein
37%
Indien Chennai
37%
Marokko Fes
36%
Kolumbien Cali
34%
Südafrika Port Elizabeth
29%
Marokko Tanger
29%
Kolumbien Barranquilla
13%
Kolumbien Bucaramanga
6%
Keine übereinstimmenden Quizze gefunden
Verteilung der Resultate
Anzahl Personen mit jedem Resultat
Perzentil nach korrekt beantworteten Fragen
Ihre Resultats-Entwicklung
Sie haben dieses Quiz noch nicht gespielt